Responses for Show #7327 - Tuesday, June 21, 2016

Contestants

[<< previous game]

Laurie MacDougall, a cancer registrar originally from Medford, Massachusetts

Ben Foley, a structural engineer from New Orleans, Louisiana

Sally Neumann, a mental health counselor from Seattle, Washington (whose 1-day cash winnings total $10,900)

[next game >>]

Jeopardy! Round responses

TAKE ME OUT OF THE BALL GAME
ORGANIZATIONS
SCIENTIFIC & MEDICAL ABBREV.
WORDS WITH FRIENDS
THE DISASTER OF THE CENTURY
THE 5 W's
    $200 11
Michael Jordan

Laurie
    $200 12
NATO

Laurie
    $200 1
[ERRATUM: Grammatically, the clue should say "know", not "known."]

Ursa Major

Ben
    $200 6
chump

Triple Stumper
    $200 26
the 20th century

Ben
    $200 14
1964

Ben
    $400 20
Gehrig

Ben
    $400 13
a think tank

Sally
    $400 2
heart rate

Laurie
    $400 7
an acronym

Sally
    $400 27
(Alex: Yes. Happened in 1770.)

the 18th century

Laurie
    $400 15
whiskers

Ben
    $600 19
Strahan

Ben
    $600 18
(Laurie: What is the Easter Seals?)

the March of Dimes

BenLaurie
    $600 3
genetically modified

Laurie
    $600 8
an ombudsman

Ben
    $600 28
(Ben: What is the 18th century?)
...
(Alex: Correct. 1871.)

the 19th century

BenLaurie
    $600 23
Louis XVII

Triple Stumper
    $800 17
Pelé

Laurie
    $800 22
crime scene

Ben
    $1,000 4
the tympanic membrane

Laurie
    $800 9
acclimate

Ben
    $800 29
(Ben: What is the 11th century?)
(Sallie: What is the 9th century?)
(Laurie: What is the 10th century?)
(Alex: It happened in 79 A.D., so it was [*].)

the 1st century

SallyBenLaurie
Triple Stumper
    $800 24
a thoroughbred

Ben
    $1000 16
Peyton Manning

Ben
    $1000 21
Gallup

Laurie
    $1000 5
cerebral palsy

Sally
    $1000 10
palpable

Ben
    $1000 30
(Ben: What is the 15th century?)
(Sally: What is the 16th century?)

the 14th century

SallyBenLaurie
    $1000 25
Bulgaria

Sally

Scores at the first commercial break (after clue 15):

Sally Ben Laurie
$1,800 $3,200 $2,400

Scores at the end of the Jeopardy! Round:

Sally Ben Laurie
$1,000 $5,200 $4,800

Double Jeopardy! Round responses

FAMOUS ELEPHANTS
MEMORY
COUNTRIES WITH SHORT COASTLINES
AS EASY AS C-D-E
(Alex: Each correct response will begin with a "C" and be followed by a "D" and an "E" later on.)
BOOKS & AUTHORS
BIG SCREEN CHARACTER MASHUPS
(Alex: We give you parts of two roles by a famous actor, and you give us the actor.)
    $400 30
Taipei

Ben
    $400 16
random-access memory

Ben
    $400 6
the North Sea

Ben
    $400 17
cyanide

Sally
    $400 11
Fitzgerald

Laurie
    $400 1
Jim Carrey

Ben
    $800 29
Hannibal

Sally
    $800 18
a mattress

Ben
    $800 7
Iraq

Ben
    $800 19
credible

Ben
    $2,500 12
The Old Man and the Sea

Laurie
    $800 2
Marlon Brando

Ben
    $1200 28
(Ben: What is Aden?)
(Sally: What is Sana'a?)

Mecca

SallyBen
Triple Stumper
    $1200 23
Cats

Laurie
    $5,000 8
(Ben: What is Malta?)

Monaco

Ben
    $1200 20
(Laurie: What is coagulate?)

curdle

SallyLaurie
    $1200 13
Casino Royale

Ben
    $1200 3
Bogart

Ben
    $1600 27
(Ben: Who's Jack Johnson?)

John L. Sullivan

Ben
Triple Stumper
    $1600 24
mnemonic device

Ben
    $1600 9
the Democratic Republic of the Congo

Sally
    $1600 21
a cascade

Ben
    $1600 14
Gore Vidal

Triple Stumper
    $1600 4
Tom Cruise

Ben
    $2000 26
Jumbo

Laurie
    $2000 25
trigger

Laurie
    $2000 10
(Sally: What is Albania?)

Bosnia-Herzegovina

SallyBen
    $2000 22
cadence

Ben
    $2000 15
(Edith) Wharton

Laurie
    $2000 5
(Alex: Bonnie and Clyde and Chinatown.)

Faye Dunaway

Triple Stumper

Scores at the end of the Double Jeopardy! Round:

Sally Ben Laurie
$1,800 $13,400 $13,700

[wagering suggestions for these scores]

Final Jeopardy! Round responses

BEATLES SONGS
SallyWhat is Yellow Submarine
$0
BenWhat is Yellow Submarine?
$9,000
LaurieWhat is "Helter Skelter"?
$13,000
"Helter Skelter"

Final scores:

Sally Ben Laurie
$1,800 $4,400 $26,700
3rd place: $1,000 2nd place: $2,000 New champion: $26,700

Game dynamics:

Coryat scores:

Sally Ben Laurie
$1,800 $18,400 $11,800
8 R,
4 W
28 R,
6 W
(including 1 DD)
16 R
(including 2 DDs),
3 W

Combined Coryat: $32,000

[game clues] [game scores] [suggest correction]

Game tape date: 2016-03-24
The J! Archive is created by fans, for fans. Scraping, republication, monetization, and malicious use prohibited; this site may use cookies and collect identifying information. See terms. The Jeopardy! game show and all elements thereof, including but not limited to copyright and trademark thereto, are the property of Jeopardy Productions, Inc. and are protected under law. This website is not affiliated with, sponsored by, or operated by Jeopardy Productions, Inc. Join the discussion at JBoard.tv.